Score 0/42 Timer 20:00
0 Plays Today
Hint Answer % Correct
...and who goes to Libby?Sawyer
91.2%
When the survivors find Ana Lucia and Libby shot in the hatch, who goes to Ana?Kate
88.2%
How long does Juliet think she's going to be in Portland?6 months
44.1%
To whom does Sawyer give the marshall's badge and declare to be 'the new sheriff in town'?Kate
41.2%
How many times has Juliet dislocated her shoulder?4
35.3%
Who is Miles named after?Miles Davis
32.4%
What does Matthew Abaddon ask Hurley at Santa Rosa that freaks him out? (4 words)Are they still alive?
32.4%
What was Sayid's official title in the Republican Guard?Communications officer
32.4%
By whom?Kate
32.4%
Who describes a dream about Locke on the island, in a suit, surrounded by people who want to kill him?Walt
29.4%
Bernard says he's been a bachelor for how many years?52
29.4%
Juliet says she doesn't think Jack is stupid, just...stubborn
29.4%
What does Eko use to climb up a cliff and to help open the Pearl hatch door?the ax
26.5%
What are the first three words Rose says after Bernard asks her to marry him?Bernard, I'm dying.
26.5%
Why does Eko say he hit Locke?He was being difficult
23.5%
How many knives does Charlie facetiously say Locke has?400
23.5%
What does Ana tell Eko he has to do in a dream?You have to help John.
23.5%
What does Ben say Juliet never made for him?soup
23.5%
What show is Walt watching in the hotel room in Sydney?Power Rangers
20.6%
Who gets welcomed to the wonderful world of not knowing what the hell's going on?Juliet
20.6%
Kate says the Others don't want her and Jack because they're both... (2 words)damaged goods.
20.6%
Hint Answer % Correct
How long is Hurley in Santa Rosa the second time he stays there, after the island?2 years
17.6%
Where does he propose?Niagara Falls
17.6%
Which two characters are squeamish around blood?Hurley and Tom
17.6%
What two things does Locke tell the cop are in the back of his pickup truck when he gets pulled over with Eddie?Guns and groceries
17.6%
What did detectives Mason and Reed find in Peter Talbot's pocket after he died?Locke's address
14.7%
Finish Charlie's quote: I was building a church before... (2 words).Eko exploded.
14.7%
Which two characters have their shoes removed by someone while drunk, and are later killed by the shoe remover?Wayne and Roger
14.7%
Where does Hurley say the survivors want to banish Sawyer?Half a mile down the beach
11.8%
What three cities did Susan move to after New York, in order?Amsterdam, Rome, Sydney
8.8%
What does Desmond say after his phone call with Penny when Sayid asks if he's all right? (3 words)Aye, I'm perfect.
8.8%
How does Ben say he's going to stop Jack from leaving the island with the survivors?He's going to talk him out of it.
8.8%
What two characters wake up upside down?Ana Lucia and Charlotte
8.8%
Sawyer says he knows how Aaron is--he ___ ___ and he ___.He cries loud and he smells
5.9%
In what color and model car did Sawyer say Munson hid $10 million?Red Bronco
5.9%
What does the suspicious man at the gas station call Cassidy?a rip-off artist
5.9%
What does Henry Gale tell Locke that God can't do? (12 words)See this island any better than the rest of the world can.
5.9%
Who calls Richard Ben's boyfriend?Keamy
5.9%
In or near what town in California is John Locke's commune?Bridgeville
0%
Children are named after which three characters?Juliet, Charlie, and Megan
0%
In order to get into Widmore's penthouse, Ben tells the doorman he's there to see who in which room?Mr. and Mrs. Kendrick in 4E
0%
What does Michael's lawyer call him by mistake?Mr. Dylan
0%
Remove Ads.
Support Sporcle.
Get the best of Sporcle when you Go Orange. This ad-free experience offers more features, more stats, and more fun while also helping to support Sporcle. Thank you for becoming a member.

You're not logged in!

Compare scores with friends on all Sporcle quizzes.
OR
Log In

Show Comments

Extras

Created Sep 1, 2015ReportNominate
Tags:Remember

Top Quizzes Today


Score Distribution

Your Account Isn't Verified!

In order to create a playlist on Sporcle, you need to verify the email address you used during registration. Go to your Sporcle Settings to finish the process.

Report this User

Report this user for behavior that violates our Community Guidelines.

Details: